000 01054nam a2200277 a 4500
001 000016573
005 20200929164929.0
008 100308s1981 dr a 000 0 spa d
040 _aDO-SdBNP
_bspa
_cBNPHU
082 _a614.55
_bV182p
100 1 _aVallejo Saint-Amand, Elsa de
_936847
245 1 0 _aParasitología 1 :
_bmanual de prácticas /
_cElsa Vallejo de Saint-Amand ; colaboradores Jacinto Matos [et.al].
260 _aSanto Domingo :
_bUASD,
_c1981.
300 _a178 p. :
_bil. ;
_c21 cm.
500 _aIncluye datos biográficos del autor en la contracubierta
504 _aIncluye referencias bibliográficas y notas al pie de las páginas
504 _aIncluye bibliografías (p. 177-178)
650 4 _aParasitología
_xManuales de laboratorio
_936848
650 4 _aParasitos
_936849
650 4 _aEnfermedades parasitarias
_936850
700 1 _aMatos , Jacinto,
_ecol.
_936851
700 1 _aEspaillat, Jaime,
_ecol.
_936852
700 1 _aRonzino, María,
_ecol.
_936853
700 1 _aMañán, Surama de,
_ecol.
_936854
049 _aBNPD
999 _c16106
_d16106